LEADER 01700oam 2200517 450 001 9910713612603321 005 20220504100541.0 035 $a(CKB)5470000002503552 035 $a(OCoLC)1164777559 035 $a(EXLCZ)995470000002503552 100 $a20200714d2020 ua 0 101 0 $aeng 135 $aur||||||||||| 181 $ctxt$2rdacontent 182 $cc$2rdamedia 183 $acr$2rdacarrier 200 10$aSpringfield Race Riot Study Act $ereport (to accompany H.R. 139) (including cost estimate of the Congressional Budget Office) 210 1$a[Washington, D.C.] :$c[U.S. Government Publishing Office],$d2020. 215 $a1 online resource (5 pages) 225 1 $aReport / 116th Congress, 2d session, House of Representatives ;$v116-439 300 $a"July 9, 2020." 320 $aIncludes bibliographical references. 517 $aSpringfield Race Riot Study Act 606 $aRace riots$zIllinois$zSpringfield 606 $aHistoric sites$xLaw and legislation$zIllinois$zSpringfield 606 $aHistoric sites$xLaw and legislation$2fast 606 $aRace riots$2fast 607 $aIllinois$zSpringfield$2fast 608 $aLegislative materials.$2fast 608 $aLegislative materials.$2lcgft 615 0$aRace riots 615 0$aHistoric sites$xLaw and legislation 615 7$aHistoric sites$xLaw and legislation. 615 7$aRace riots. 676 $a1.1/8:116-439 801 0$bGPO 801 1$bGPO 801 2$bGPO 801 2$bDWP 801 2$bOCLCF 801 2$bOCLCQ 801 2$bGPO 906 $aBOOK 912 $a9910713612603321 996 $aSpringfield Race Riot Study Act$93453571 997 $aUNINA